Science Quiz

Random Science or Chemistry Quiz

Triple Picture Click Science 1 Quiz Stats

 Plays Quiz not verified by Sporcle

Score 0/16 Timer 06:00
0 Plays Today
% Correct
Platypus
(Egg-laying Mammal, Venomous
Monotreme)
84.6%
Brain
(Pons, Medulla
Broca area)
84.3%
Electron
(Negatively-charged, Orbital
1
82.5%
Amino Acid
(Glutamic Acid, Cysteine
Proline)
81.1%
Wombat
(Quadrupedal, Marsupial
Backward Pouch)
80.2%
Plant Cell
(Cytoplasm, Golgi Complex
Chloroplast)
79.1%
Parabola
(Vertex, Axis of Symmetry
Focus)
76%
Orangutan
(Arboreal, Use Tools
Build Nests)
74.8%
% Correct
Alkali Metals
(Lithium, Sodium
Potassium)
73.1%
Test of Significance
(Null Hypothesis
Type II Error, Distribution )
70.9%
Ideal Gas Law
(Compression Factor=1
Absolute Temperature, Volume)
69%
Sugar
(Lactose, Maltose
Sucrose)
61.9%
Programming Language
(Swift, Lisp
Scratch)
61.7%
Igneous Rock
(Rhyolite, Dacite
Andesite)
61%
Scientific Laws
(Avogadro's, Planck's
Ohm's)
55.1%
Lemmas
(Matrix Determinant
Euclid's, Diagonal)
52.2%

You're not logged in!

Compare scores with friends on all Sporcle quizzes.
OR
Log In

Show Comments

Extras

Top Quizzes Today


Score Distribution

Your Account Isn't Verified!

In order to create a playlist on Sporcle, you need to verify the email address you used during registration. Go to your Sporcle Settings to finish the process.

Report this User

Report this user for behavior that violates our Community Guidelines.

Details: